ბათუმის შოთა რუსთაველის სახელმწიფო უნივერსიტეტის ბიბლიოთეკა

ფორთოხლის წვენის ნატურალობის მახასიათებელი პარამეტრების დადგენა და მათი განსაზღვრის მეთოდიკების შემუშავება / (ბიბ.ჩანაწერი № 51916)

000 -ლიდერი
ფიქსირებული სიგრძის საკონტროლო ველი 01856nam a2200265Ia 4500
001 - საკონტროლო ნომერი
საკონტროლო ველი 18916
003 - საკონტროლო ნომრის იდენტიფიკატორი
საკონტროლო ველი GE_BSU
005 - ბოლო ოპერაციის თარიღი და დრო
საკონტროლო ველი 20210423172432.0
008 - ფიქსირებული სიგრძის მონაცემთა ელემენტები - ზოგადი ინფორმაცია
ფიქსირებული სიგრძის საკონტროლო ველი 181216s2013||||ge |||||||||||||| ||geo||
040 ## - კატალოგიზაციის წყარო
Transcribing agency GE_BSU
041 ## - ენის კოდი
Language code of text/sound track or separate title geo
080 ## - უნივერსალური ათობითი კლასიფიკაციის ინდექსი
Universal Decimal Classification number 63 გ-69
100 ## - მთავარი ჩანაწერი - პიროვნების სახელი
Personal name გორგილაძე, მირანდა
9 (RLIN) 5977
245 ## - ცნობა სათაურის შესახებ
Title ფორთოხლის წვენის ნატურალობის მახასიათებელი პარამეტრების დადგენა და მათი განსაზღვრის მეთოდიკების შემუშავება /
Statement of responsibility, etc მირანდა გორგილაძე; სამეცნიერო ხელმძღვანელი ე. ნიჟარაძე, გ. პაპუნიძე; ბათუმის შოთა რუსთაველის სახ-ფო უნ-ტი..
264 ## - წარმოების, გამოცემის, დისტრიბუციის და სხვა ცნობები
გამოცემის, წარმოების, დისტრიბუციის... ადგილი ბათუმი
გამოცემის, წარმოების, დისტრიბუციის... თარიღი 2013.
300 ## - ფიზიკური აღწერა
Extent 136 გვ.;
Other physical details + Cd
Dimensions 30 სმ.
520 ## - SUMMARY, ETC.
Summary, etc დისკით
653 ## - INDEX TERM--UNCONTROLLED
Uncontrolled term დისერტაცია
653 ## - INDEX TERM--UNCONTROLLED
Uncontrolled term სოფლის მეურნეობა
653 ## - INDEX TERM--UNCONTROLLED
Uncontrolled term ფორთოხლის წვენის ნატურალობის მახასიათებელი პარამეტრების დადგენა და მათი განსაზღვრის მეთოდიკების შემუშავება.
700 ## - ADDED ENTRY--PERSONAL NAME
Personal name ნიჟარაძე, ე.
Relator term სამეცნიერო ხელმძღვანელი
9 (RLIN) 1822
700 ## - ADDED ENTRY--PERSONAL NAME
Personal name პაპუნიძე, გ.
Relator term სამეცნიერო ხელმძღვანელი
9 (RLIN) 11587
710 ## - ADDED ENTRY--CORPORATE NAME
Corporate name or jurisdiction name as entry element ბათუმის შოთა რუსთაველის სახ-ფო უნ-ტი
9 (RLIN) 11588
942 ## - ADDED ENTRY ELEMENTS (KOHA)
Koha item type წიგნი
Source of classification or shelving scheme
ეგზემპლარები
ჩამოწერის სტატუსი დაკარგული ეგზემპლარის სტატუსი კლასიფიკაციის წყარო ან თაროზე გაწყობის სქემა დაზიანების სტატუსი არ გაიცემა მუდმივი მდებარეობა (დაცვის ადგილი) ამჟამინდელი ადგილსამყოფელი შეძენის თარიღი სრული შენახვის შიფრი შტრიხკოდი ბოლო ოპერაციის თარიღი ეგზემპლარის მიმდევრობითი ნომერი (კეტერი?) ფასის ძალაში შესვლის თარიღი ეგზემპლარის სახეობა
        შიდა ფონდი ბათუმის შოთა რუსთაველის სახელმწიფო უნივერსიტეტის მთავარი ბიბლიოთეკა ბათუმის შოთა რუსთაველის სახელმწიფო უნივერსიტეტის მთავარი ბიბლიოთეკა 2018-12-17 63 გ-69 142 დისერტ. 2018-12-17 142 2018-12-17 დისერტაცია